Prueba de Formosa - Estadísticas

Estadísticas generales
  • Esta prueba ha sido intentada 20 veces
  • La puntuación promedio es 7 de 14
Estadísticas de respuestas
Pregunta Respuesta % Correcto
Capital Formosa
94%
El nombre de la provincia deriva de fermosa del español antiguo. ¿Qué significa fermosa? Hermosa
88%
Isla asiática que compartía su nombre Taiwán
82%
Gentilicio Formoseño
76%
Guerra en que Argentina ganó definitivamente la provincia Guerra de la Triple Alianza
76%
Gobernador de Formosa por más de 25 años Gildo Insfrán
53%
Año en que pasó a ser provincia (pero debido a un golpe de Estado, no se sancionó su constitución hasta dos años después) 1955
47%
Ciudad que sufrió inundaciones fuertes en 1992 Clorinda
35%
La guirnalda de laureles en la bandera representa este paralelo Trópico de Capricornio
35%
Órden religiosa que abrió misiones en Laishí Franciscanos
29%
Deporte de Emilce Sosa y Ezequiel Palacios, deportistas olímpicos de 2016 Voleibol
18%
El segundo humedal más grande de Argentina Bañado La Estrella
12%
Uno de los mejores laterales derechos de Boca Hugo Ibarra
12%
Etnia infanticida perteneciendo a los guaicurúes que no existe en la actualidad Abipones
6%
No se encontraron pruebas coincidentes
Distribución de puntuación
Porcentaje de gente con cada puntuación
Porcentaje por número respondido
Historial de tus puntuaciones
No has intentado esta prueba.